Statistics for Guess the Taylor swift song no hints #10

Click here to take the quiz!

General Stats

  • This quiz has been taken 78 times
  • The average score is 248 of 345

Answer Stats

Answer% Correct
a
97%
I
97%
you
97%
You
97%
the
94%
The
94%
and
92%
And
92%
your
89%
me
88%
on
86%
in
85%
it
85%
like
85%
Like
85%
no
85%
to
85%
you're
85%
You're
85%
be
83%
is
83%
It's
83%
it's
83%
when
83%
go
82%
I'm
82%
know
82%
My
82%
my
82%
that
82%
of
79%
not
77%
see
77%
with
77%
for
74%
now
74%
What
74%
But
73%
by
73%
Cause
73%
was
73%
could
71%
there
71%
way
71%
Kiss
70%
Take
70%
as
68%
As
68%
down
68%
Just
68%
just
68%
away
67%
everything
67%
rain
67%
eyes
65%
fly
65%
sparks
65%
those
65%
would
65%
Baby
64%
baby
64%
lights
64%
Meet
64%
Oh
64%
pain
64%
pouring
64%
sidewalk
64%
up
64%
Get
62%
get
62%
whenever
62%
around
61%
Drop
61%
move
61%
smile
61%
full
59%
house
59%
make
59%
once
59%
rainstorm
59%
should
59%
something
59%
cards
58%
feel
58%
green
58%
kind
58%
right
58%
run
58%
than
58%
Won't
58%
won't
58%
couldn't
56%
enough
53%
really
53%
through
53%
touch
53%
wish
53%
bad
52%
Close
52%
thinking
52%
wait
52%
front
50%
good
50%
keep
50%
better
48%
far
48%
fingers
48%
hair
48%
hope
48%
running
48%
show
48%
watch
48%
even
47%
haunt
47%
patiently
47%
rest
47%
send
47%
stood
47%
fireworks
45%
idea
45%
keeping
45%
mind
45%
that'll
45%
whisper
45%
world
45%
wrong
45%
captivated
44%
slow
44%
find
42%
guard
42%
reckless
42%
soft
42%
staircase
42%
wild
42%
forgets
41%
imagined
41%
kinda
41%
remind
41%
Gimme
38%
lead
38%

Score Distribution

Percentile by Number Answered

Percent of People with Each Score

Your Score History

You have not taken this quiz